000 00817pam a2200265 a 4500
999 _c2619
_d2619
003 UkOxU
005 20210715082949.0
008 090713s2011 maua b 001 0 eng
020 _a9781269393690
040 _cStDuBDS
042 _aukblcatcopy
050 0 0 _aQA323.5
_b.N46 2011
100 1 _aNeuhauser, Claudia,
_d1962-
245 1 0 _aCalculus for biology and medicine /
_cClaudia Neuhauser.
250 _a3rd ed.
260 _aBoston, MA ;
_aLondon :
_bPearson,
_cc2011.
300 _a782 p. :
_bill. ;
_c28 cm.
500 _a"International edition"--Cover.
504 _aIncludes bibliographical references and index.
650 0 _aBiomathematics
_vTextbooks.
650 0 _aMedicine
_xMathematics
_vTextbooks.
650 0 _aCalculus
_vTextbooks.
942 _2lcc
_cBK
_nSO